| 000 | 00476 a2200133 4500 | ||
|---|---|---|---|
| 001 | ART_61806 | ||
| 005 | 20260410161802.0 | ||
| 008 | 260409a | ||
| 245 | 1 | 0 | _aBreve análisis de la naturaleza jurídica del régimen de exteriorización y del régimen de regularización de la ley 27743 |
| 100 | 1 | _aGotlib, Gabriel | |
| 700 | 1 | _aVaquero, Fernando M. | |
| 700 | 1 | _aMazzilli, Santiago T. | |
| 773 | 0 |
_tDoctrina tributaria _g- Nº 536 (nov. 2024) _wREV4296 |
|
| 999 |
_c20660 _d20660 |
||